People by Country #6 - Statistics

General Stats
  • This quiz has been taken 94 times
  • The average score is 11 of 20
Answer Stats
Person Country % Correct
Agatha Christie United Kingdom
92%
Cleopatra VII Philopator Egypt
87%
Nikita Mikhalkov Russia
83%
Avril Lavigne Canada
79%
Martin Luther Germany
79%
Franz Ferdinand Austria
71%
Rita Hayworth United States
69%
Ingmar Bergman Sweden
61%
Lucrezia Borgia Italy
60%
Jean-Claude Duvalier Haiti
57%
Inge de Bruijn Netherlands
51%
Sappho Greece
48%
Hannibal Tunisia
48%
Harry Houdini Hungary
45%
Toni Kukoč Croatia
36%
Petra Kvitova Czech Republic
31%
Emir Kusturica Bosnia and Herzegovina
30%
Dolores Ibárruri Spain
26%
Sania Mirza India
19%
Tadeusz Kościuszko Belarus
17%
No matching quizzes found
Score Distribution
Percent of People with Each Score
Percentile by Number Answered
Your Score History
You have not taken this quiz